000 00808nmc a2200301 a 4500
003 AR-BaBNM
005 20251128210250.0
008 011101s1993 ||||||||||||||000 | spa||
020 _a84-8063-041-8
040 _cAR-BaBNM
100 1 _aSalguero Triviño, Juan
245 1 0 _aEn torno al diálogo
_btaller de lengua
250 _a1ª ed.
260 _aBarcelona
_bEdiciones Octaedro
_c1993
300 _a96 p.
_bil., tablas
490 0 _aCuadernos Octaedro. Lengua y comunicación
650 4 _aVOCABULARIO
650 4 _aPOESIA
650 4 _aTEATRO
650 4 _aTALLERES ESCOLARES
650 4 _aENSENANZA DE LA ESCRITURA
650 4 _aLECTURA
653 _aENSENANZA DE LA LENGUA
653 _aTALLER LITERARIO
800 1 _aRincón, F.
_ecoordinador
942 _cBK
998 _cRaquel
999 _c14703
_d14703